Spurgeon's Illustrative anecdotes / (Record no. 2518)
[ view plain ]
| 000 -LEADER | |
|---|---|
| fixed length control field | 00727cam a2200241 a 4500 |
| 001 - CONTROL NUMBER | |
| control field | 117797 |
| 003 - CONTROL NUMBER IDENTIFIER | |
| control field | GBCCL |
| 005 - DATE AND TIME OF LATEST TRANSACTION | |
| control field | 20241126110431.0 |
| 008 - FIXED-LENGTH DATA ELEMENTS--GENERAL INFORMATION | |
| fixed length control field | 770603s1906 nyu 000 0 eng |
| 010 ## - | |
| -- | 06019059 |
| 035 ## - SYSTEM CONTROL NUMBER | |
| System control number | (OCoLC)ocm03015114 |
| 040 ## - CATALOGING SOURCE | |
| Original cataloging agency | DLC |
| Transcribing agency | MBS |
| Modifying agency | MBS |
| -- | OCL |
| -- | LBB |
| 049 ## - | |
| -- | LBBK |
| 050 #4 - | |
| -- | BV4225 |
| -- | .S7 |
| 082 04 - DEWEY DECIMAL CLASSIFICATION NUMBER | |
| Classification number | 251.08 |
| Item number | BAN |
| 090 ## - LOCALLY ASSIGNED LC-TYPE CALL NUMBER (OCLC); LOCAL CALL NUMBER (RLIN) | |
| Classification number (OCLC) (R) ; Classification number, CALL (RLIN) (NR) | BV4225 |
| Local cutter number (OCLC) ; Book number/undivided call number, CALL (RLIN) | .S7 |
| 100 1# - MAIN ENTRY--PERSONAL NAME | |
| Personal name | Spurgeon, C. H. |
| Fuller form of name | (Charles Haddon), |
| Dates associated with a name | 1834-1892. |
| 9 (RLIN) | 222 |
| 245 10 - TITLE STATEMENT | |
| Title | Spurgeon's Illustrative anecdotes / |
| Statement of responsibility, etc. | selected and classified by Louis Albert Banks. |
| 260 ## - PUBLICATION, DISTRIBUTION, ETC. | |
| Place of publication, distribution, etc. | New York : |
| Name of publisher, distributor, etc. | Funk & Wagnalls, |
| Date of publication, distribution, etc. | c1906. |
| 300 ## - PHYSICAL DESCRIPTION | |
| Extent | xix, 313 p. ; |
| Dimensions | 20 cm. |
| 700 1# - ADDED ENTRY--PERSONAL NAME | |
| Personal name | Banks, Louis Albert, |
| Dates associated with a name | 1855-1933, |
| Relator term | ed. |
| 9 (RLIN) | 5246 |
| 942 ## - ADDED ENTRY ELEMENTS (KOHA) | |
| Source of classification or shelving scheme | Dewey Decimal Classification |
| Koha item type | Books |
| Koha issues (borrowed), all copies | 1 |
| Withdrawn status | Lost status | Source of classification or shelving scheme | Damaged status | Not for loan | Home library | Current Library | Shelving location | Date acquired | Total checkouts | Full call number | Barcode | Date last seen | Date last checked out | Copy number | Price effective from | Koha item type |
|---|---|---|---|---|---|---|---|---|---|---|---|---|---|---|---|---|
| Dewey Decimal Classification | GRACE BIBLE COLLEGE | GRACE BIBLE COLLEGE | Ministry & Mission | 2017-08-22 | 1 | 251.08 BAN | 004928 | 2025-05-01 | 2019-08-27 | c.1 | 2017-08-22 | Books |